Bhor bhai : (Record no. 44615)

MARC details
000 -LEADER
fixed length control field 00926nji a22002417a 4500
005 - DATE AND TIME OF LATEST TRANSACTION
control field 20100908162442.0
006 - FIXED-LENGTH DATA ELEMENTS--ADDITIONAL MATERIAL CHARACTERISTICS--GENERAL INFORMATION
fixed length control field a|||||r|||||00| 0
007 - PHYSICAL DESCRIPTION FIXED FIELD--GENERAL INFORMATION
fixed length control field sd ammalaaahaa
008 - FIXED-LENGTH DATA ELEMENTS--GENERAL INFORMATION
fixed length control field 100830t xxu||||| |||| 00| 0 eng d
028 ## - PUBLISHER NUMBER
Publisher number EBLP 1753
Source His Master's Voice
035 ## - SYSTEM CONTROL NUMBER
System control number GR-01290
040 ## - CATALOGING SOURCE
Original cataloging agency SED
Transcribing agency SED
100 ## - MAIN ENTRY--PERSONAL NAME
9 (RLIN) 17455
Personal name Bade Ghulam Ali Khan
245 ## - TITLE STATEMENT
Title Bhor bhai :
Statement of responsibility, etc by Bade Gulam Ali Khan
Medium [sound recording] :
Remainder of title gujari todi /
246 ## - VARYING FORM OF TITLE
Title proper/short title भोर भई / बड़े गुलाम अली खान द्वारा
260 ## - PUBLICATION, DISTRIBUTION, ETC. (IMPRINT)
Place of publication, distribution, etc Dum Dum, India
Name of publisher, distributor, etc His Master's Voice
300 ## - PHYSICAL DESCRIPTION
Extent 1 sound disc [Gramophone Recording]:
Other physical details analog, 33 1/3 rpm
Dimensions 9.5 in. (MP)
Type of unit Gramophone Record
500 ## - GENERAL NOTE
General note Brief Record
505 ## - FORMATTED CONTENTS NOTE
Formatted contents note Side-2 छांड दे मोरा (Chhand de mora-Kamod) (Bade Ghulam Ali Khan)
586 ## - AWARDS NOTE
Awards note Padma Bhooshan
650 ## - SUBJECT ADDED ENTRY--TOPICAL TERM
Topical term or geographic name as entry element Classical music
Geographic subdivision India
9 (RLIN) 1186
General subdivision Excerpts
942 ## - ADDED ENTRY ELEMENTS (KOHA)
Source of classification or shelving scheme Dewey Decimal Classification
Item type Gramaphone Records

No items available.


© Delhi Public Library
Hit Counter
free hit counter